Statistiques concernant Fourmi ou pas fourmi ?

Cliquez ici pour prendre le quiz!

Statistiques générales

  • Ce quiz a été pris 39 fois
  • Le résultat moyen est 4 sur 7

Statistiques - réponses

QuestionRéponse% Correct
Mante fourmipas une fourmi
83%
Araignée-fourmipas une fourmi
77%
Fourmi taureaufourmi
71%
Fourmi bouledoguefourmi
69%
Fourmi-pandapas une fourmi
46%
Fourmis-lionspas une fourmi
37%
Fourmi-tortuefourmi
31%

Distribution des résultats

Percentile par nombre de réponses

% des personnes avec chaque résultat

Votre développement - résultats

Vous n’avez pas pris ce quiz